| 000 | 00666nam a2200157Ia 4500 | ||
|---|---|---|---|
| 005 | 20250307072239.0 | ||
| 008 | 240331s9999 xx 000 0 und d | ||
| 020 | _a1932705554 | ||
| 082 |
_bWEE _a954 |
||
| 100 | _aWeerakoon, B | ||
| 245 | 0 |
_aRendering unto caeser : _ba fascinating story of one man's tenure under nine prime ministers and presidents of Sri Lanka |
|
| 260 |
_aColombo _bVijitha Yapa Publications _c2004 |
||
| 300 | _aXvi, 403 p ., | ||
| 500 | _aRendering Unto Caesar is Bradman Weerakoon's unique First-person account of Fifty Years of Public Service as Official Secretary and Senior Advisor to Sri Lankan Prime Ministers and Presidents. | ||
| 942 | _cL | ||
| 999 |
_c3552 _d3552 |
||